| 000 | 00679nam a2200217Ii 4500 | ||
|---|---|---|---|
| 003 | JO-AjNU | ||
| 008 | 230605s9999||||xx |||||||||||||| ||und|| | ||
| 017 | _a1997/3/291 | ||
| 040 |
_aJO-AjNU _bara _erda _cJO-AjNU |
||
| 041 | _aara | ||
| 050 | 1 | 4 | _aK3400.D42.1997 |
| 100 | 3 |
_a الظاهر، خالد خليل , _eauthor _946610 |
|
| 245 | 0 | 0 | _aالقانون الإداري |
| 250 | _aط1 | ||
| 264 | 3 | 1 | _aعمان : دار المسيرة ، 1997 |
| 300 | _a336ص | ||
| 336 |
_atext _btxt _2rdacontent |
||
| 337 |
_aunmediated _bn _2rdamedia |
||
| 338 |
_avolume _bnc _2rdacarrier |
||
| 650 | 4 |
_aالعلوم الاجتماعية -- القانون الاداري _946611 |
|
| 999 |
_aA20290 _c23858 _d23858 |
||